| 000 | 02193nam a22003377a 4500 | ||
|---|---|---|---|
| 005 | 20100920121849.0 | ||
| 010 | _aENG-101491 B-441094-098 | ||
| 020 |
_a9788120339941 _c325.00 |
||
| 035 | _aEN-85024 | ||
| 035 | _aB-441094-098 | ||
| 037 | _bDBAD / PUB | ||
| 037 | _bAllied Publishers | ||
| 082 | _a333.794 | ||
| 100 |
_aAbbasi,Tasneem _930126 |
||
| 245 |
_aRenewable energy sources : _cby Tasneem Abbasi [and] S.A.Abbasi _btheir impact on global warming and pollution / |
||
| 260 |
_bPrentice Hall of India _c2010 _aNew Delhi |
||
| 260 |
_bPrentice Hall of India _c2011 _aNew Delhi |
||
| 270 |
_aM-97, Connaught Circus _e110001 |
||
| 300 |
_axvi, 320p. _c24cm (pbk) |
||
| 500 | _aIncludes bibliographical references and index | ||
| 700 |
_aAbbasi,S.A. _920777 |
||
| 942 |
_adpl _cEN _2ddc _h333.794 _mABB |
||
| 999 |
_c46964 _d46964 |
||